[Event "2. Bundesliga Mitte 2011/12"]
[Site "St.Valentin"]
[Date "2011.10.22"]
[Round "2"]
[Board "2"]
[White "Weiss, Christian"]
[Black "Kotz, Heinz Peter"]
[Result "1/2-1/2"]
[WhiteElo "2402"]
[BlackElo "2349"]
[PlyCount "73"]
[EventDate "2011.10.21"]
[EventType "team"]
[EventRounds "11"]
[EventCountry "AUT"]
[WhiteTeam "Union Ansfelden"]
[BlackTeam "ESV Austria Graz"]

1.d4 Nf6 2.g3 g6 3.Bg2 Bg7 4.e4 d6 5.Nc3 O-O 6.Nge2 e5 7.h3 c6 8.O-O b5 9.Be3
Bb7 10.a3 Nbd7 11.dxe5 dxe5 12.Nc1 Re8 13.Nd3 Bf8 14.g4 Qc7 15.Qf3 a6 16.Qg3 Bd6
17.Rfd1 c5 18.f3 b4 19.Nb1 a5 20.b3 Nb6 21.Qf2 Nfd7 22.Nd2 Bf8 23.Nb2 a4 24.Nxa4
Nxa4 25.bxa4 Rxa4 26.axb4 Rxa1 27.Rxa1 cxb4 28.Nb3 Rc8 29.Ra2 Qd6 30.Qd2 Nc5
31.Qxd6 Bxd6 32.Nxc5 Bxc5 33.Bxc5 Rxc5 34.Rb2 Bc6 35.Bf1 Ba4 36.Rxb4 Bxc2 37.Rc4
1/2-1/2

[Event "2. Bundesliga Mitte 2011/12"]
[Site "St.Valentin"]
[Date "2011.10.22"]
[Round "2"]
[Board "3"]
[White "Aschenbrenner, Robert"]
[Black "Felsberger, Alfred"]
[Result "0-1"]
[WhiteElo "2270"]
[BlackElo "2361"]
[PlyCount "82"]
[EventDate "2011.10.21"]
[EventType "team"]
[EventRounds "11"]
[EventCountry "AUT"]
[WhiteTeam "ESV Austria Graz"]
[BlackTeam "Union Ansfelden"]

1.d4 Nf6 2.Nf3 g6 3.Nc3 d5 4.Bf4 Bg7 5.Qd2 O-O 6.Bh6 c6 7.h4 Bxh6 8.Qxh6 Ng4
9.Qd2 Nd7 10.e4 Ndf6 11.Bd3 dxe4 12.Nxe4 Nxe4 13.Bxe4 Nf6 14.Bd3 Bg4 15.c3 Bxf3
16.gxf3 Qd5 17.O-O-O Qxf3 18.Rdg1 Nd5 19.Kb1 Qf4 20.Qc2 f5 21.h5 Kg7 22.Qe2 Qd6
23.Bc4 Nf4 24.Qe3 Kf6 25.hxg6 hxg6 26.Rh4 Nd5 27.Bxd5 cxd5 28.Qg5+ Ke6 29.Qxg6+
Rf6 30.Qg7 Kd7 31.f4 Qe6 32.Qg3 Qe4+ 33.Ka1 Re6 34.Rhh1 Qe3 35.Qxe3 Rxe3 36.a4
Rf8 37.Rg7 Rf6 38.Rh8 Re2 39.Ka2 Rb6 40.Rgg8 Rbxb2+ 41.Ka1 Rbd2 0-1

[Event "2. Bundesliga Mitte 2011/12"]
[Site "St.Valentin"]
[Date "2011.10.22"]
[Round "2"]
[Board "5"]
[White "Pfaffel, Thomas"]
[Black "Ennsberger, Ulrich"]
[Result "0-1"]
[WhiteElo "2199"]
[BlackElo "2373"]
[PlyCount "142"]
[EventDate "2011.10.21"]
[EventType "team"]
[EventRounds "11"]
[EventCountry "AUT"]
[WhiteTeam "ESV Austria Graz"]
[BlackTeam "Union Ansfelden"]

1.e4 c6 2.d4 d5 3.e5 c5 4.dxc5 e6 5.Nf3 Bxc5 6.Bd3 Nc6 7.a3 Qc7 8.Qe2 f6 9.Bf4
Nge7 10.Bg3 f5 11.Nbd2 a5 12.Nb3 a4 13.Nxc5 Qa5+ 14.b4 axb3+ 15.Qd2 Qxc5 16.cxb3
Rxa3 17.Rxa3 Qxa3 18.O-O O-O 19.Bc2 Bd7 20.Qg5 h6 21.Qd2 Qb4 22.Bf4 Qxd2 23.Bxd2
Ra8 24.Bc3 Ra2 25.Rc1 Be8 26.g3 Bh5 27.Bb1 Re2 28.Kg2 d4 29.Nxd4 Nxd4 30.Bxd4
Nc6 31.Bc3 Nxe5 32.Bxe5 Rxe5 33.Rc8+ Kh7 34.Bd3 Bd1 35.b4 Bb3 36.Kf1 Rd5 37.Bc4
Bxc4+ 38.Rxc4 e5 39.Ke2 Kg6 40.Ke3 Kf6 41.h4 Rb5 42.Kd3 Rb6 43.Ke3 g6 44.Kd3 Ke6
45.h5 e4+ 46.Ke3 g5 47.g4 Rb5 48.Rc7 Rxb4 49.gxf5+ Kxf5 50.Rh7 Rb6 51.Kd4 Kg4
52.Kxe4 Kxh5 53.Rg7 Kg4 54.f3+ Kg3 55.Rh7 Kf2 56.Rh8 Rb4+ 57.Kd3 Kxf3 58.Rxh6 g4
59.Rf6+ Kg2 60.Rf7 g3 61.Ke2 b5 62.Rf5 Rb3 63.Rh5 Kg1 64.Ke1 Rb2 65.Rh8 g2
66.Rh5 Rb4 67.Ke2 Rb2+ 68.Ke1 b4 69.Rh4 b3 70.Rh3 Ra2 71.Rxb3 Kh2 0-1

[Event "2. Bundesliga Mitte 2011/12"]
[Site "St.Valentin"]
[Date "2011.10.22"]
[Round "2"]
[Board "6"]
[White "Knoll, Hermann"]
[Black "Schrittwieser, Herbert"]
[Result "1/2-1/2"]
[WhiteElo "2364"]
[BlackElo "2206"]
[PlyCount "72"]
[EventDate "2011.10.21"]
[EventType "team"]
[EventRounds "11"]
[EventCountry "AUT"]
[WhiteTeam "Union Ansfelden"]
[BlackTeam "ESV Austria Graz"]

1.e4 e5 2.Nf3 Nf6 3.Nxe5 d6 4.Nf3 Nxe4 5.Bd3 Nf6 6.O-O Be7 7.h3 O-O 8.c3 Re8
9.Bc2 Be6 10.d4 Qd7 11.Bf4 Bf5 12.Bb3 h6 13.Nbd2 Bf8 14.Nc4 Be6 15.Re1 Nc6
16.Ne3 Bxb3 17.axb3 a6 18.b4 Ne7 19.d5 Nf5 20.Qd3 Nxe3 21.Bxe3 g6 22.c4 Bg7
23.Bd4 Rxe1+ 24.Rxe1 Re8 25.Kf1 Rxe1+ 26.Kxe1 Qe8+ 27.Qe3 Kf8 28.Ke2 Qxe3+
29.Bxe3 Ke7 30.Nd4 Nd7 31.b3 h5 32.f4 f5 33.Kd3 Nf8 34.Nf3 Bh6 35.c5 Nd7 36.Nd2
b5 1/2-1/2

[Event "2. Bundesliga Mitte 2011/12"]
[Site "St.Valentin"]
[Date "2011.10.22"]
[Round "2"]
[Board "2"]
[White "Kilgus, Georg"]
[Black "Kuba, Guenter"]
[Result "1/2-1/2"]
[WhiteElo "2427"]
[BlackElo "2384"]
[PlyCount "61"]
[EventDate "2011.10.21"]
[EventType "team"]
[EventRounds "11"]
[EventCountry "AUT"]
[WhiteTeam "SpG. Spark. Grieskirchen/Schallerb."]
[BlackTeam "SK Sparkasse Fuerstenfeld"]

1.e4 e5 2.Nf3 Nc6 3.Nc3 Nf6 4.g3 Bc5 5.Bg2 d6 6.d3 a6 7.Be3 O-O 8.O-O Be6 9.d4
exd4 10.Nxd4 Nxd4 11.Bxd4 Bxd4 12.Qxd4 Qd7 13.Rfd1 Bg4 14.f3 Bh3 15.e5 Ne8
16.Rd2 Bxg2 17.Kxg2 Qe6 18.exd6 Nxd6 19.Re2 Qd7 20.Rae1 Rae8 21.Ne4 Re6 22.Nc5
Rxe2+ 23.Rxe2 Qc6 24.Nd3 Re8 25.Rxe8+ Qxe8 26.Kf2 h6 27.b3 b6 28.Qd5 a5 29.c4 g6
30.Ne5 Kg7 31.Nd3 1/2-1/2

[Event "2. Bundesliga Mitte 2011/12"]
[Site "St.Valentin"]
[Date "2011.10.22"]
[Round "2"]
[Board "3"]
[White "Radnetter, Georg"]
[Black "Singer, Christoph"]
[Result "1/2-1/2"]
[WhiteElo "2269"]
[BlackElo "2362"]
[PlyCount "65"]
[EventDate "2011.10.21"]
[EventType "team"]
[EventRounds "11"]
[EventCountry "AUT"]
[WhiteTeam "SK Sparkasse Fuerstenfeld"]
[BlackTeam "SpG. Spark. Grieskirchen/Schallerb."]

1.Nf3 d5 2.d4 Nf6 3.c4 e6 4.Nc3 Be7 5.Bg5 O-O 6.e3 Nbd7 7.Bd3 dxc4 8.Bxc4 c5
9.dxc5 Nxc5 10.O-O a6 11.a4 b6 12.Qxd8 Rxd8 13.Rfd1 Bb7 14.Kf1 Rxd1+ 15.Rxd1 Bc6
16.Ra1 Kf8 17.Ne5 Be8 18.Nd3 Nfe4 19.Bxe7+ Kxe7 20.Nxe4 Nxe4 21.Ke2 Nd6 22.Bb3
Rc8 23.f3 Nb7 24.Bd1 a5 25.Kd2 Kd6 26.Ra3 f6 27.Rb3 Kc7 28.Rc3+ Kd8 29.Rxc8+
Kxc8 30.Kc3 Kc7 31.b4 Kd6 32.f4 Bc6 33.Bf3 1/2-1/2

[Event "2. Bundesliga Mitte 2011/12"]
[Site "St.Valentin"]
[Date "2011.10.22"]
[Round "2"]
[Board "4"]
[White "Schwabeneder, Florian"]
[Black "Rabel, Christoph"]
[Result "1/2-1/2"]
[WhiteElo "2252"]
[BlackElo "2245"]
[PlyCount "77"]
[EventDate "2011.10.21"]
[EventType "team"]
[EventRounds "11"]
[EventCountry "AUT"]
[WhiteTeam "SpG. Spark. Grieskirchen/Schallerb."]
[BlackTeam "SK Sparkasse Fuerstenfeld"]

1.e4 d6 2.d4 Nf6 3.Nc3 g6 4.f4 c6 5.Nf3 Bg7 6.Bd3 b5 7.e5 dxe5 8.fxe5 Nd5 9.O-O
O-O 10.Nxd5 Qxd5 11.Qe1 Be6 12.Qh4 f6 13.Bh6 Na6 14.Bxg7 Kxg7 15.a4 Nb4 16.Be4
Qc4 17.c3 Nd5 18.exf6+ exf6 19.Rae1 Rae8 20.axb5 Qxb5 21.Rf2 Bg8 22.Qg3 Qb8
23.Qxb8 Rxb8 24.Bxd5 Bxd5 25.b4 a5 26.bxa5 Rb3 27.c4 Bxc4 28.Nd2 Rc3 29.Nxc4
Rxc4 30.Re6 Rxd4 31.Rxc6 Ra4 32.a6 f5 33.Rd2 Rf7 34.Rb2 Kh6 35.Kf2 Ra7 36.Rbb6
Kg5 37.h3 Ra2+ 38.Kf3 Rd7 39.Rd6 1/2-1/2

[Event "2. Bundesliga Mitte 2011/12"]
[Site "St.Valentin"]
[Date "2011.10.22"]
[Round "2"]
[Board "5"]
[White "Hatzl, Stefan"]
[Black "Obermayr, Hermann"]
[Result "1-0"]
[WhiteElo "2162"]
[BlackElo "2195"]
[PlyCount "81"]
[EventDate "2011.10.21"]
[EventType "team"]
[EventRounds "11"]
[EventCountry "AUT"]
[WhiteTeam "SK Sparkasse Fuerstenfeld"]
[BlackTeam "SpG. Spark. Grieskirchen/Schallerb."]

1.e4 e6 2.d4 d5 3.Nc3 Nf6 4.Bg5 Be7 5.e5 Nfd7 6.h4 h6 7.Be3 c5 8.Qg4 g6 9.f4
cxd4 10.Bxd4 Nc6 11.Nf3 Nxd4 12.Nxd4 Qb6 13.O-O-O Nc5 14.Kb1 Bd7 15.h5 g5
16.fxg5 Bxg5 17.Ndb5 Bc6 18.Bd3 O-O-O 19.Nd6+ Rxd6 20.exd6 Rd8 21.Rhf1 f6 22.Qg3
Nxd3 23.Rxd3 Be8 24.Qh3 Bd7 25.Qg3 Be8 26.Re1 Bd7 27.Ne2 Kb8 28.Rb3 Qc5 29.Qd3
Qxd6 30.Nd4 a6 31.Nf3 Bf4 32.Qh7 Rc8 33.Nd4 e5 34.Nf5 Qc7 35.Rc3 Bc6 36.Qg6 d4
37.Rxc6 bxc6 38.Nxh6 Qa5 39.Rd1 Bg5 40.Nf7 Be3 41.h6 1-0

[Event "2. Bundesliga Mitte 2011/12"]
[Site "St.Valentin"]
[Date "2011.10.22"]
[Round "2"]
[Board "6"]
[White "Hainzinger, Johann"]
[Black "Hatzl, Johannes"]
[Result "1-0"]
[WhiteElo "2121"]
[BlackElo "2103"]
[PlyCount "81"]
[EventDate "2011.10.21"]
[EventType "team"]
[EventRounds "11"]
[EventCountry "AUT"]
[WhiteTeam "SpG. Spark. Grieskirchen/Schallerb."]
[BlackTeam "SK Sparkasse Fuerstenfeld"]

1.Nc3 d5 2.e4 dxe4 3.Nxe4 Nf6 4.Nxf6+ exf6 5.Bc4 Bd6 6.Qh5 Qe7+ 7.Ne2 Nc6 8.O-O
Ne5 9.Nc3 Bg4 10.Qh4 g5 11.Qh6 Nxc4 12.Nd5 Qe6 13.Nxf6+ Kd8 14.d3 Nb6 15.Bxg5
Kc8 16.Rfe1 Qf5 17.Re4 Bf3 18.gxf3 Qxf3 19.Rae1 c6 20.R4e3 Qf5 21.Qh3 Qxh3
22.Rxh3 Kc7 23.f4 Nd7 24.Kf2 Nc5 25.Rh6 Ne6 26.Nh5 Rag8 27.Bf6 Bf8 28.Be5+ Kb6
29.Rf6 Bc5+ 30.Kf3 Nd4+ 31.Bxd4 Bxd4 32.Rxf7 Re8 33.Re4 c5 34.c3 Bg1 35.h3 Rd8
36.Ke2 Rd5 37.Nf6 Rf5 38.Nd5+ Rxd5 39.Re6+ Ka5 40.Rxb7 Ra8 41.b4+ 1-0

[Event "2. Bundesliga Mitte 2011/12"]
[Site "St.Valentin"]
[Date "2011.10.23"]
[Round "3"]
[Board "1"]
[White "Stevic, Hrvoje"]
[Black "Haba, Petr"]
[Result "1-0"]
[WhiteElo "2621"]
[BlackElo "2502"]
[PlyCount "87"]
[EventDate "2011.10.21"]
[EventType "team"]
[EventRounds "11"]
[EventCountry "AUT"]
[WhiteTeam "ZH-Technologies-Wolfsberg"]
[BlackTeam "SpG. Spark. Grieskirchen/Schallerb."]

1.e4 c5 2.d3 d5 3.exd5 Qxd5 4.Nc3 Qd8 5.Nf3 Nc6 6.g3 e6 7.Bg2 Nf6 8.O-O Be7
9.Nd2 O-O 10.Nc4 Bd7 11.Bf4 Ne8 12.a4 f6 13.Be3 Rb8 14.f4 b6 15.Bf2 Nc7 16.Re1
a6 17.Ne4 a5 18.c3 Kh8 19.Qb3 h6 20.Rad1 Qe8 21.Ned6 Qd8 22.Nb5 Nxb5 23.axb5 Na7
24.Na3 Qe8 25.c4 Qc8 26.Nc2 e5 27.fxe5 Bg4 28.exf6 Bxf6 29.Rd2 Bh3 30.d4 cxd4
31.Nxd4 Bxg2 32.Kxg2 Bxd4 33.Bxd4 Qb7+ 34.Kg1 Rf3 35.Rd3 Rf7 36.Rde3 Qd7 37.Re4
Rbf8 38.Qe3 Kg8 39.Bxb6 Nxb5 40.cxb5 Qxb5 41.Re2 Qd7 42.Re1 Qb5 43.Bd4 Rf1+
44.Kg2 1-0

[Event "2. Bundesliga Mitte 2011/12"]
[Site "St.Valentin"]
[Date "2011.10.23"]
[Round "3"]
[Board "3"]
[White "Jovanovic, Zoran"]
[Black "Singer, Christoph"]
[Result "1/2-1/2"]
[WhiteElo "2589"]
[BlackElo "2362"]
[PlyCount "120"]
[EventDate "2011.10.21"]
[EventType "team"]
[EventRounds "11"]
[EventCountry "AUT"]
[WhiteTeam "ZH-Technologies-Wolfsberg"]
[BlackTeam "SpG. Spark. Grieskirchen/Schallerb."]

1.e4 e5 2.Nf3 Nc6 3.Bc4 Bc5 4.c3 Nf6 5.d3 d6 6.Bb3 a6 7.O-O Ba7 8.h3 h6 9.Be3 g5
10.Nh2 Rg8 11.Nd2 Bd7 12.Bxa7 Nxa7 13.Nc4 Qe7 14.Ne3 O-O-O 15.Ba4 c6 16.Qf3 h5
17.Nf5 Bxf5 18.Qxf5+ Nd7 19.Bd1 Rh8 20.Qf3 Rdg8 21.Qe3 Kb8 22.f3 Nf8 23.a4 Ng6
24.b4 Nf4 25.Rf2 Rc8 26.Rb2 Rhd8 27.b5 cxb5 28.axb5 Nxb5 29.c4 Nd4 30.Rxa6 Qc7
31.Nf1 Qc5 32.Kh2 Rc6 33.Raa2 h4 34.Qd2 Rb6 35.Rxb6 Qxb6 36.Ne3 Rc8 37.Ba4 Rc5
38.Nd5 Nxd5 39.exd5 f6 40.Bd7 Qc7 41.Bg4 Qb6 42.Be6 Qb3 43.Rb2 Qa3 44.Ra2 Qb3
45.Bd7 Kc7 46.Be8 Kb8 47.Bd7 Kc7 48.Ba4 Qb6 49.Be8 Qb3 50.Ba4 Qb6 51.Bd1 Kb8
52.Ra1 Rc8 53.Qa2 Nf5 54.Ba4 Nd4 55.Bd7 Rd8 56.Be6 Kc7 57.Qa4 Qb3 58.Qa5+ Qb6
59.Qa4 Qb3 60.Qa5+ Qb6 1/2-1/2

[Event "2. Bundesliga Mitte 2011/12"]
[Site "St.Valentin"]
[Date "2011.10.23"]
[Round "3"]
[Board "4"]
[White "Schwabeneder, Florian"]
[Black "Reichmann, Egon"]
[Result "0-1"]
[WhiteElo "2252"]
[BlackElo "2279"]
[PlyCount "132"]
[EventDate "2011.10.21"]
[EventType "team"]
[EventRounds "11"]
[EventCountry "AUT"]
[WhiteTeam "SpG. Spark. Grieskirchen/Schallerb."]
[BlackTeam "ZH-Technologies-Wolfsberg"]

1.e4 e5 2.Nc3 Nc6 3.g3 Bc5 4.Bg2 h5 5.h4 d6 6.d3 Bg4 7.f3 Be6 8.Nh3 f6 9.Na4 Qd7
10.Nxc5 dxc5 11.Be3 b6 12.c3 O-O-O 13.Nf2 Nge7 14.Qa4 Na5 15.Qa3 Kb8 16.Bxc5
Nec6 17.Be3 Rdg8 18.b4 Nb7 19.f4 Bg4 20.Qa4 Nbd8 21.d4 exd4 22.cxd4 Qd6 23.d5
Qxb4+ 24.Qxb4 Nxb4 25.a3 Bc8 26.Kd2 Na6 27.Rac1 Nf7 28.Nd3 Rd8 29.Rhd1 Rhe8
30.Nb4 Nxb4 31.axb4 Nd6 32.e5 Nf5 33.Re1 Bb7 34.exf6 Bxd5 35.Bxd5 Rxd5+ 36.Kc3
gxf6 37.Bf2 Red8 38.Rc2 a5 39.bxa5 Rxa5 40.Re6 Rd6 41.Rce2 Ra3+ 42.Kb2 Rf3
43.Re8+ Kb7 44.Rh8 Nxg3 45.Bxg3 Rxg3 46.Rxh5 Rg4 47.Rf2 Rd4 48.Rf5 Rxh4 49.Rxf6
c5 50.Kb1 Rb4+ 51.Kc2 Ka6 52.f5 Ra4 53.Kb1 Rh1+ 54.Kb2 Rha1 55.Rc2 Kb5 56.Kc3
Rc4+ 57.Kb2 Ra2+ 58.Kxa2 Rxc2+ 59.Kb1 Rf2 60.Rf8 Kb4 61.f6 b5 62.f7 c4 63.Kc1
Kc3 64.Kd1 b4 65.Ke1 Rf6 66.Ke2 b3 0-1

[Event "2. Bundesliga Mitte 2011/12"]
[Site "St.Valentin"]
[Date "2011.10.23"]
[Round "3"]
[Board "5"]
[White "Waldmann, Gerald"]
[Black "Humer, Wolfgang"]
[Result "0-1"]
[WhiteElo "2208"]
[BlackElo "2244"]
[PlyCount "144"]
[EventDate "2011.10.21"]
[EventType "team"]
[EventRounds "11"]
[EventCountry "AUT"]
[WhiteTeam "ZH-Technologies-Wolfsberg"]
[BlackTeam "SpG. Spark. Grieskirchen/Schallerb."]

1.e4 c5 2.Nf3 g6 3.d4 Bg7 4.Nc3 cxd4 5.Nxd4 Nc6 6.Be3 Nf6 7.Bc4 Qa5 8.O-O O-O
9.Bb3 d6 10.h3 Bd7 11.f4 Qh5 12.Qxh5 Nxh5 13.Nde2 Nf6 14.Rad1 a6 15.Bb6 Rac8
16.Kf2 Be6 17.Ke3 Bxb3 18.axb3 Nb4 19.Kd2 e5 20.Be3 d5 21.exd5 Rfd8 22.Kc1 Nfxd5
23.Bd2 exf4 24.Nxf4 Nxc3 25.bxc3 Na2+ 26.Kb1 Bxc3 27.Kxa2 Bxd2 28.Kb1 Rd6 29.Nd3
Bc3 30.Rf3 Rcd8 31.Rdf1 f5 32.Nc1 Bg7 33.Rd3 h5 34.Re1 Bf6 35.Ka2 Kf7 36.Red1
Be5 37.Rf1 Rd5 38.b4 Ke6 39.Kb3 g5 40.Re1 f4 41.Rxd5 Rxd5 42.Nd3 Kf5 43.Kc4 Rd4+
44.Kc5 Re4 45.Rxe4 Kxe4 46.Kb6 Bd4+ 47.Kxb7 f3 48.gxf3+ Kxf3 49.Kxa6 g4 50.hxg4
h4 51.b5 h3 52.b6 Bxb6 53.Kxb6 h2 54.c4 h1=Q 55.Nb4 Qh6+ 56.Kb5 Ke4 57.c5 Qg5
58.Kb6 Kd4 59.Nc6+ Kd5 60.Kb5 Ke6 61.Kb6 Qe3 62.Nb4 Qd4 63.Kb5 Qxg4 64.c6 Kd6
65.Na6 Qe2+ 66.Kb6 Qb2+ 67.Ka5 Kxc6 68.Nb4+ Kd6 69.Kb5 Qb3 70.Ka5 Kc5 71.Na6+
Kc4 72.Nc7 Qb7 0-1

[Event "2. Bundesliga Mitte 2011/12"]
[Site "St.Valentin"]
[Date "2011.10.23"]
[Round "3"]
[Board "6"]
[White "Obermayr, Hermann"]
[Black "Toefferl, Heimo"]
[Result "0-1"]
[WhiteElo "2195"]
[BlackElo "2102"]
[PlyCount "112"]
[EventDate "2011.10.21"]
[EventType "team"]
[EventRounds "11"]
[EventCountry "AUT"]
[WhiteTeam "SpG. Spark. Grieskirchen/Schallerb."]
[BlackTeam "ZH-Technologies-Wolfsberg"]

1.d4 e6 2.c4 d5 3.Nf3 c6 4.e3 Bd6 5.Bd3 f5 6.O-O Ne7 7.b3 O-O 8.Ba3 Bc7 9.Ne5
Nd7 10.f4 Nf6 11.Nd2 Bd7 12.Ndf3 Ne4 13.Qe1 Be8 14.Bxe4 dxe4 15.Ng5 Rf6 16.Qb4
Ng6 17.Rad1 h6 18.Nh3 Rb8 19.Qc3 a5 20.Nf2 b5 21.Bc5 b4 22.Qc2 Bd6 23.Bxd6 Qxd6
24.c5 Qc7 25.Nxg6 Bxg6 26.Ra1 Bf7 27.h4 Bh5 28.Nh3 Bg4 29.Nf2 Bh5 30.Kh1 Rg6
31.Kh2 Kh8 32.Rg1 Qe7 33.g3 Rg8 34.a3 Bf3 35.axb4 axb4 36.Ra6 Rf6 37.Nh3 g5
38.fxg5 hxg5 39.hxg5 Rxg5 40.Ra8+ Rg8 41.Rga1 Rh6 42.Rxg8+ Kxg8 43.Ra8+ Kf7
44.Qa2 Kf6 45.Qa7 Bg4 46.Qb8 Rxh3+ 47.Kg1 Rh7 48.Qe5+ Kg6 49.d5 cxd5 50.Ra6 Kf7
51.Rc6 Qe8 52.Rb6 Bf3 53.c6 Qh8 54.Rb7+ Kg6 55.Qxe6+ Kg5 56.Rxh7 Qxh7 0-1

[Event "2. Bundesliga Mitte 2011/12"]
[Site "St.Valentin"]
[Date "2011.10.23"]
[Round "3"]
[Board "1"]
[White "Tratar, Marko"]
[Black "Babula, Vlastimil"]
[Result "1/2-1/2"]
[WhiteElo "2477"]
[BlackElo "2572"]
[PlyCount "49"]
[EventDate "2011.10.21"]
[EventType "team"]
[EventRounds "11"]
[EventCountry "AUT"]
[WhiteTeam "SK MPOE Maria Saal"]
[BlackTeam "Union Ansfelden"]

1.Nf3 Nf6 2.c4 c5 3.g3 d5 4.cxd5 Nxd5 5.Bg2 Nc6 6.d4 Nb6 7.dxc5 Qxd1+ 8.Kxd1 Na4
9.Nc3 Nxc3+ 10.bxc3 Bf5 11.Be3 Be4 12.Ke1 Na5 13.Kf1 Nc4 14.Nd2 Nxe3+ 15.fxe3
Bxg2+ 16.Kxg2 e6 17.Nb3 Rc8 18.Rab1 Be7 19.Rhd1 b6 20.cxb6 axb6 21.Rd3 O-O
22.Nd4 Bc5 23.Nb3 Be7 24.Nd4 Bc5 25.Nb3 1/2-1/2

[Event "2. Bundesliga Mitte 2011/12"]
[Site "St.Valentin"]
[Date "2011.10.23"]
[Round "3"]
[Board "2"]
[White "Weiss, Christian"]
[Black "Schachinger, Mario"]
[Result "1/2-1/2"]
[WhiteElo "2402"]
[BlackElo "2386"]
[PlyCount "212"]
[EventDate "2011.10.21"]
[EventType "team"]
[EventRounds "11"]
[EventCountry "AUT"]
[WhiteTeam "Union Ansfelden"]
[BlackTeam "SK MPOE Maria Saal"]

1.c4 Nf6 2.Nf3 c6 3.e3 d5 4.d4 e6 5.Nbd2 Nbd7 6.Bd3 b6 7.O-O Bb7 8.Qe2 Be7 9.b3
O-O 10.Bb2 Rc8 11.Rfd1 Qc7 12.Rac1 Qb8 13.Ne5 Nxe5 14.dxe5 Nd7 15.f4 Rfd8 16.Rf1
g6 17.Bb1 a5 18.e4 Nc5 19.exd5 cxd5 20.Rc3 d4 21.Rh3 d3 22.Bxd3 Nxd3 23.Rxd3
Rxd3 24.Qxd3 Rd8 25.Qe2 Qc8 26.Nf3 Bc5+ 27.Kh1 Qd7 28.Bc1 Qd3 29.Qxd3 Rxd3 30.h3
Bxf3 31.gxf3 Rc3 32.f5 exf5 33.Bh6 Bf8 34.Bxf8 Kxf8 35.Kg2 f4 36.Rd1 Rc2+ 37.Kg1
Rxa2 38.Rd8+ Ke7 39.Rb8 a4 40.Rb7+ Ke8 41.bxa4 Rxa4 42.Rxb6 Rxc4 43.Rf6 Ke7
44.h4 Rc5 45.Rxf4 Rxe5 46.Kf2 Rd5 47.Ra4 Kf6 48.Kg3 Rd7 49.Ra5 Re7 50.Kf4 Kg7
51.Kg3 Kh6 52.Ra4 f6 53.Rb4 Kg7 54.Ra4 Rb7 55.Rc4 h5 56.Ra4 Kf7 57.Ra6 Rd7
58.Rb6 Ke7 59.Ra6 Rd6 60.Ra4 Ke6 61.Re4+ Kf7 62.Ra4 Rd7 63.Ra6 Kg7 64.Rb6 Re7
65.Ra6 Rf7 66.Ra5 Kh6 67.Ra6 Kg7 68.Ra5 Re7 69.Kf4 Rc7 70.Kg3 Rc6 71.Ra7+ Kf8
72.Rb7 Rc4 73.Rb6 Kf7 74.Rb7+ Ke6 75.Rb6+ Ke5 76.Rb5+ Kd6 77.Rb6+ Rc6 78.Rb8 Ke6
79.Rb5 Rd6 80.Rb4 g5 81.hxg5 fxg5 82.Rb8 Kf5 83.Rb5+ Kg6 84.Rb4 Rd5 85.Rb2 Kf5
86.Ra2 h4+ 87.Kg2 Rb5 88.Rc2 Rb4 89.Ra2 Kf4 90.Rc2 Rd4 91.Kf2 Kf5 92.Rc5+ Kg6
93.Rc2 Rb4 94.Ra2 Kf5 95.Rc2 Ra4 96.Rb2 Rc4 97.Ra2 Kf4 98.Rb2 h3 99.Ra2 Rd4
100.Rb2 h2 101.Kg2 h1=Q+ 102.Kxh1 Kxf3 103.Rb3+ Kf2 104.Rb2+ Ke3 105.Rb3+ Rd3
106.Rxd3+ Kxd3 1/2-1/2

[Event "2. Bundesliga Mitte 2011/12"]
[Site "St.Valentin"]
[Date "2011.10.23"]
[Round "3"]
[Board "3"]
[White "Hartl, Daniel"]
[Black "Felsberger, Alfred"]
[Result "1/2-1/2"]
[WhiteElo "2272"]
[BlackElo "2361"]
[PlyCount "76"]
[EventDate "2011.10.21"]
[EventType "team"]
[EventRounds "11"]
[EventCountry "AUT"]
[WhiteTeam "SK MPOE Maria Saal"]
[BlackTeam "Union Ansfelden"]

1.d4 Nf6 2.c4 e6 3.Nf3 b6 4.g3 Ba6 5.Qa4 Be7 6.Bg2 Bb7 7.O-O O-O 8.Nc3 c5 9.Rd1
cxd4 10.Nxd4 Bxg2 11.Kxg2 Qc8 12.Bf4 Na6 13.Rac1 Nc5 14.Qc2 d6 15.Ndb5 Rd8 16.f3
Nb7 17.Ne4 Nxe4 18.Qxe4 a6 19.Nc3 Qc7 20.Be3 Rab8 21.b3 Bf8 22.h4 Rdc8 23.Qd4
Nc5 24.b4 Nd7 25.Ne4 Ne5 26.Bf4 Nxf3 27.exf3 e5 28.Qe3 exf4 29.Qxf4 d5 30.Qxc7
Rxc7 31.cxd5 Rxc1 32.Rxc1 Bxb4 33.g4 Rd8 34.d6 f5 35.gxf5 Bxd6 36.Rc6 Be7
37.Rxb6 a5 38.Kg3 a4 1/2-1/2

[Event "2. Bundesliga Mitte 2011/12"]
[Site "St.Valentin"]
[Date "2011.10.23"]
[Round "3"]
[Board "4"]
[White "Moser, Guenter"]
[Black "Halvax, Georg"]
[Result "1/2-1/2"]
[WhiteElo "2343"]
[BlackElo "2326"]
[PlyCount "123"]
[EventDate "2011.10.21"]
[EventType "team"]
[EventRounds "11"]
[EventCountry "AUT"]
[WhiteTeam "Union Ansfelden"]
[BlackTeam "SK MPOE Maria Saal"]

1.c4 e6 2.Nf3 Nf6 3.Qc2 d5 4.e3 c5 5.a3 Be7 6.b3 O-O 7.Bb2 dxc4 8.Bxc4 b6 9.O-O
Bb7 10.Nc3 a6 11.Rac1 Bd6 12.Be2 Nbd7 13.Rfd1 Rc8 14.Qb1 Qe7 15.a4 e5 16.e4 Nb8
17.Bc4 Nc6 18.Re1 Nd4 19.Qd3 Qd7 20.Bxa6 Bxa6 21.Qxa6 Nxb3 22.Rb1 c4 23.Qb5 Qg4
24.h3 Qg6 25.Nh4 Qh5 26.Nf5 Bc5 27.Rbd1 Nd4 28.Nxd4 exd4 29.Ne2 d3 30.Nc3 Qh4
31.Rf1 Rfe8 32.Rde1 Nh5 33.Re3 Bxe3 34.dxe3 Re6 35.Ba1 Rg6 36.Qf5 Re8 37.Kh1 Rf6
38.Qd7 Rf8 39.Kg1 Rg6 40.Nd5 Kh8 41.Qf5 Nf6 42.Bxf6 Rxf6 43.Qd7 Rh6 44.f3 d2
45.Nc3 Qd8 46.Qd4 Qg5 47.Kh2 Qc5 48.Qxd2 Qd6+ 49.Qxd6 Rxd6 50.Rc1 Ra8 51.Nb5 Rc6
52.Nc3 Kg8 53.g4 Kf8 54.Kg3 Ke7 55.f4 Kd6 56.Kf3 Kc5 57.Rb1 Ra5 58.e5 Rc8 59.g5
Rd8 60.Ne4+ Kc6 61.Rb4 Rda8 62.Rxc4+ 1/2-1/2

[Event "2. Bundesliga Mitte 2011/12"]
[Site "St.Valentin"]
[Date "2011.10.23"]
[Round "3"]
[Board "5"]
[White "Rieger, Robert"]
[Black "Ennsberger, Ulrich"]
[Result "1/2-1/2"]
[WhiteElo "2167"]
[BlackElo "2373"]
[PlyCount "59"]
[EventDate "2011.10.21"]
[EventType "team"]
[EventRounds "11"]
[EventCountry "AUT"]
[WhiteTeam "SK MPOE Maria Saal"]
[BlackTeam "Union Ansfelden"]

1.e4 c5 2.Nf3 a6 3.d4 cxd4 4.Nxd4 Nf6 5.Nc3 e5 6.Nde2 Bc5 7.Ng3 d6 8.Be2 h6
9.Qd3 Nc6 10.O-O O-O 11.a3 Nd4 12.Be3 Be6 13.Qd2 Rc8 14.Kh1 Nxe2 15.Ngxe2 Ng4
16.Bxc5 Qh4 17.h3 dxc5 18.Ng1 Nf6 19.Qe3 Rfd8 20.Nf3 Qh5 21.Kg1 Rc6 22.Ne2 Nd7
23.Rfd1 Re8 24.Ng3 Qg6 25.Rd2 Qf6 26.Qc3 Rcc8 27.Rad1 Nb6 28.b3 c4 29.Qe3 Na8
30.Rd6 1/2-1/2

[Event "2. Bundesliga Mitte 2011/12"]
[Site "St.Valentin"]
[Date "2011.10.23"]
[Round "3"]
[Board "6"]
[White "Knoll, Hermann"]
[Black "Horvath, Gabor"]
[Result "1/2-1/2"]
[WhiteElo "2364"]
[BlackElo "2269"]
[PlyCount "109"]
[EventDate "2011.10.21"]
[EventType "team"]
[EventRounds "11"]
[EventCountry "AUT"]
[WhiteTeam "Union Ansfelden"]
[BlackTeam "SK MPOE Maria Saal"]

1.Nf3 Nf6 2.c4 g6 3.b3 Bg7 4.Bb2 O-O 5.g3 d6 6.d4 Nbd7 7.Bg2 e5 8.dxe5 Ng4 9.O-O
Ngxe5 10.Nc3 Nxf3+ 11.Bxf3 Ne5 12.Bg2 Re8 13.Qd2 Rb8 14.Rad1 Be6 15.Nd5 f6 16.h3
a6 17.f4 Nd7 18.e4 b5 19.cxb5 axb5 20.Nb4 Rb6 21.Kh2 Bf7 22.Rfe1 c5 23.Nd5 Ra6
24.a3 Nb6 25.g4 Bxd5 26.exd5 c4 27.Rxe8+ Qxe8 28.Re1 Qc8 29.Re7 Bf8 30.Re6 cxb3
31.Qd4 Nd7 32.Qe3 Qc2 33.Re8 Ne5 34.Bxe5 dxe5 35.fxe5 b2 36.Qh6 Qc5 37.d6 Qxe5+
38.Rxe5 Bxh6 39.Rxb5 Bf4+ 40.Kg1 Bxd6 41.Rxb2 Rxa3 42.Rb7 Rc3 43.Bd5+ Kh8 44.Rb3
Rc2 45.Kf1 Kg7 46.Rb7+ Bc7 47.Be4 Rc3 48.Ke2 Kh6 49.h4 Bf4 50.Bd3 Ra3 51.Rf7 Be5
52.g5+ fxg5 53.hxg5+ Kxg5 54.Rxh7 Rb3 55.Rh1 1/2-1/2

[Event "2. Bundesliga Mitte 2011/12"]
[Site "St.Valentin"]
[Date "2011.10.23"]
[Round "3"]
[Board "1"]
[White "Neubauer, Martin"]
[Black "Mohr, Georg"]
[Result "1-0"]
[WhiteElo "2431"]
[BlackElo "2492"]
[PlyCount "73"]
[EventDate "2011.10.21"]
[EventType "team"]
[EventRounds "11"]
[EventCountry "AUT"]
[WhiteTeam "SV ASVOE Fundermax St. Veit/Glan"]
[BlackTeam "Strassenbahn Graz"]

1.d4 Nf6 2.c4 d6 3.Nf3 g6 4.Nc3 Bf5 5.h3 Bg7 6.g4 Bd7 7.e4 O-O 8.Be3 e5 9.d5 c6
10.Nd2 Na6 11.Be2 Rc8 12.Rc1 b6 13.h4 cxd5 14.exd5 Nxg4 15.Bxg4 f5 16.Bg5 Qe8
17.Nde4 fxe4 18.Nxe4 Rf4 19.Bxf4 exf4 20.O-O Be5 21.Re1 Qd8 22.b3 h6 23.Qf3 Kg7
24.Qh3 Rc7 25.Kh1 Be8 26.Rg1 Kh8 27.Be6 Nc5 28.Nxc5 bxc5 29.Rg2 Qf6 30.Rcg1 a5
31.Rg4 Re7 32.Kg2 a4 33.Qd3 Rb7 34.Kf3 Rg7 35.bxa4 h5 36.Rg5 Qd8 37.Rxg6 1-0